000 01254nam a2200325 i 4500
003 DO-SdBNP
005 20240916103004.0
007 ta
008 120410c2023 dr ar1p dd 0 0spa d
040 _aDO-SdBNP
_bspa
_cBNPHU
_erda
041 _hspa
082 4 _aR 016.7293
_bA636l
_222
110 _aComisió Nacional de Defensa de la Competencia (Pro-Competencia)
_982211
222 2 _aAnuario
245 0 0 _aAnuario de libre competencia 2023 /
_bJottin Cury David, María Elena Vásquez Taveras, William Kovacic, Alejandro Ibarra, Merielin Almonte
264 4 _aSanto Domingo :
_bEditora Procompetencia,
_c2023.
300 _a732 páginas :
_bilustraciones retratos ;
_c23 cm.
336 _atexto
_btxt
_2rdacontent
337 _asin mediación
_bn
_2rdamedia
338 _avolumen
_bnc
_2rdacarrier
500 _aIncluye referencias bibliográficas y notas al pie de las páginas
590 _aInventariado, 2024/BT
700 1 _aCury David, Jottin,
_eautor
_4aut.
_986578
700 1 _aVásquez Taveras, María Elena,
_eautor
_4aut.
_986579
700 1 _aKovacic, William,
_eautor
_4aut.
_986580
700 1 _aIbarra, Alejandro,
_eautor
_4aut.
_986581
700 1 _aAlmonte, Merielin,
_eautor
_4aut.
_986582
910 _aBtavárez
942 _2ddc
_cLBS1
999 _c57689
_d57689